Obálka Náhled e-knihy:
PDF Epub
Pro půjčování e-knih musíte být přihlášeni.
Jak si půjčit online?

Humor & sex. 2, Vilní padouši a hrdinové... z filmů, knih, seriálů /

Pokus o erotiku a humor na základě doplnění známých literárních, filmových a hojně čtených příběhů dřívější doby i naší současnosti. Název prvního vydání zní Nemravní padouši a hrdinové.

Uloženo v:
Série:Humor & Sex, část 2
Hlavní autor: Moody, Jitka, 1973- (Autor)
Médium: E-kniha
Jazyk:Czech
Vydáno: [Brno] : Jitka Moody, 2023
Vydání:První vydání
Témata:
Příbuzné jednotky:Z cyklu:: Humor & Sex
Tagy:
Žádné tagy
LEADER 02568nam a2200481 i 4500
001 311883
003 CZ PrSKC
005 20260601215713.0
007 ta
008 230307s2023 xr e 000 j cze
015 |a cnb003494351 
020 |a 9788090885820  |q (brožováno) 
035 |a (OCoLC)1375348810 
040 |a ABG001  |b cze  |d ABA001  |e rda 
072 7 |a 821.162.3-3  |x Česká próza  |2 Konspekt 
080 |a 821.162.3-32  |2 MRF 
080 |a (0:82-993)  |2 MRF 
080 |a (0:82-321.5)  |2 MRF 
100 1 |a Moody, Jitka,  |d 1973-  |7 mzk2008453312  |4 aut  |4 pbl 
245 1 0 |a Humor & sex.  |n 2,  |p Vilní padouši a hrdinové... z filmů, knih, seriálů /  |c Jitka Moody 
246 3 |a Humor a sex 
246 1 |i Název v tiráži:  |a Humor & sex 02 - Vilní padouši a hrdinové 
246 3 0 |a Vilní padouši a hrdinové... z filmů, knih, seriálů 
246 1 8 |a Vilní padouši a hrdinové 
250 |a První vydání 
264 1 |a [Brno] :  |b Jitka Moody,  |c 2023 
300 |a 191 stran ;  |c 20 cm 
336 |a text  |b txt  |2 rdacontent 
337 |a bez média  |b n  |2 rdamedia 
338 |a svazek  |b nc  |2 rdacarrier 
520 2 |a Pokus o erotiku a humor na základě doplnění známých literárních, filmových a hojně čtených příběhů dřívější doby i naší současnosti. Název prvního vydání zní Nemravní padouši a hrdinové.  |b Autorka vybrala známé příběhy a ke každému z nich přidává erotický podtext, zejména pokud se týče hlavních postav. Jsou to: Harry Potter, Dracula, Indiana Jones, postavy Matrixu, James Bond, McClain, postavy Hvězdné brány, matka z románu Svět podle Garpa, postavy z filmů Krotitelé duchů, Pán prstenů, Shrek, Haškův Švejk a na závěr postavy z Hvězdných válek. 
655 7 |a české povídky  |7 fd133971  |2 czenas 
655 7 |a erotické povídky  |7 fd132208  |2 czenas 
655 7 |a humoristické povídky  |7 fd132428  |2 czenas 
655 9 |a Czech short stories  |2 eczenas 
655 9 |a erotic short stories  |2 eczenas 
655 9 |a humorous short stories  |2 eczenas 
900 |a ABA001  |b 19 
044 |a xr 
787 0 8 |g 2  |i Z cyklu:  |t Humor & Sex 
910 |a RBIT002 
998 |d 371574  |a https://core.palmknihy.cz/api/books/371574/cover?rrxdl2  |b https://core.palmknihy.cz/api/books/371574/cover/400?rrxdl2  |c https://core.palmknihy.cz/api/books/371574/cover/50?rrxdl2  |e   |g 192  |i 9788090885820  |j https://core.palmknihy.cz/api/books/371574/preview.epub  |k https://core.palmknihy.cz/api/books/371574/preview.pdf  |l   |q 49  |r 1  |s https://www.palmknihy.cz/kniha/371574  |t ebook  |y 2023  |z 0  |v Humor & Sex  |w 2 
999 |d 311881